Sermón sobre la caridad discreta, que en la inaguración de la junta de caridad de Villafranca del Panades, dixo el R.P.D.F...

Detalles Bibliográficos
Autor principal: BARBA, Juan
Formato: Libro
Publicado: Villafranca del Panades s.d.
Materias:
Colección:Banco de datos
Acervo:Biblioteca del Ex Convento de Nuestra Señora de Guadalupe. Zacatecas
Tema general:Homilética
Notas:Buena. X,11,20(3356). Encuadernada en un solo volumen con ocho más. Ex libris manuscrito del P. Cabrera en la portada. Sin marca de fuego
LEADER 00864nam a22001930004500
035 |a 42314 
036 |a 3498 
100 1 |a BARBA, Juan 
245 1 0 |a Sermón sobre la caridad discreta, que en la inaguración de la junta de caridad de Villafranca del Panades, dixo el R.P.D.F... 
260 |a Villafranca del Panades  |b Francisco Vilalta  |c s.d. 
500 |a Buena. X,11,20(3356). Encuadernada en un solo volumen con ocho más. Ex libris manuscrito del P. Cabrera en la portada. Sin marca de fuego 
650 1 0 |a Homilética 
949 |a CRZ-CG 
959 |a Ex convento de Nuestra Señora de Guadalupe, Museo Regional de Zacatecas, Zacatecas  |b CCC4 
960 |a Convento de Nuestra Señora de Guadalupe, Zacatecas  |b DD87 
961 |a Franciscana  |b OF 
942 |c CRZ-CG 
943 |g Biblioteca del Ex Convento de Nuestra Señora de Guadalupe. Zacatecas 
999 |c 966441  |d 966441